000 00297nam a22001337a 4500
008 180115b xxu||||| |||| 00| 0 eng d
020 _a9780153437304
041 _aeng
080 _a37
100 _a46
101 _aEDU
245 _aSCIENCE HARCOURT PUBLISHERS
_cFRANK.M.A
942 _2udc
_cBK
999 _c40312
_d40312